| 000 | 00501nam a22001457a 4500 | ||
|---|---|---|---|
| 008 | 131203b xxu||||| |||| 00| 0 eng d | ||
| 020 | _a97800911936792 | ||
| 050 | _aCT120.J65 2010 | ||
| 100 |
_aJohnson, Paul _94755 |
||
| 245 | _aBrief lives | ||
| 260 |
_aLondon _bHutchinson _c2010 |
||
| 300 |
_a296p. _c23cm |
||
| 650 |
_aJohnson, Paul - Friends & associates - Anecdotes; Biography - 20th century - Anecdotes; History - Modern - 1945-1989; History - Modern - 1989- _94756 |
||
| 942 |
_2lcc _cMONOGRAPH |
||
| 999 |
_c118952 _d118952 |
||